00298nam a2200109Ia 4500008004100000041001200041100001800053245006000071260003800131300000900169650001000178221030s9999 xx 000 0 und d aEnglish aA. K. Sawhney 2aA Course in Electrical Machine Designcby A. K. Sawhney bDhanpat Rai Pub.aNew Delhic1972 a1137 aBB EE